000
00242 a2200109 4500
001
125148
040
_c
Escola Canadense de Niteroi
090
_a
S2
100
_a
Disney
245
1
0
_a
O Corcunda De Notre Dame - Os Sons Da Cidade
942
_c
BK
999
_c
125148
_d
125148